Ideology of Pakistan / (Record no. 587126)

000 -LEADER
fixed length control field 00940cam a2200289 i 4500
001 - CONTROL NUMBER
control field 4105846
005 - DATE AND TIME OF LATEST TRANSACTION
control field 20211206194904.0
008 - FIXED-LENGTH DATA ELEMENTS--GENERAL INFORMATION
fixed length control field 750501s1974 pk b 000 0 eng
010 ## - LIBRARY OF CONGRESS CONTROL NUMBER
LC control number 74930433
020 ## - INTERNATIONAL STANDARD BOOK NUMBER
Terms of availability Rs2.00
040 ## - CATALOGING SOURCE
Original cataloging agency DLC
Transcribing agency DLC
Modifying agency DLC
043 ## - GEOGRAPHIC AREA CODE
Geographic area code a-pk---
050 00 - LIBRARY OF CONGRESS CALL NUMBER
Classification number BP63.P2
Item number M84
082 00 - DEWEY DECIMAL CLASSIFICATION NUMBER
Classification number 320.954904
Author Mark MUJ
100 1# - MAIN ENTRY--PERSONAL NAME
Personal name al-Mujahid, Sharif.
9 (RLIN) 85832
245 10 - TITLE STATEMENT
Title Ideology of Pakistan /
Statement of responsibility, etc. Sharif al Mujahid.
260 ## - PUBLICATION, DISTRIBUTION, ETC.
Place of publication, distribution, etc. Lahore :
Name of publisher, distributor, etc. Progressive Publishers,
Date of publication, distribution, etc. 1974.
300 ## - PHYSICAL DESCRIPTION
Extent 28 iv, ;
Dimensions 23 cm.
490 1# - SERIES STATEMENT
Series statement Progressive series ;
Volume/sequential designation no. 21
504 ## - BIBLIOGRAPHY, ETC. NOTE
Bibliography, etc. note Includes bibliographical references.
650 #0 - SUBJECT ADDED ENTRY--TOPICAL TERM
Topical term or geographic name entry element Islam and state
Geographic subdivision Pakistan.
9 (RLIN) 85833
650 #0 - SUBJECT ADDED ENTRY--TOPICAL TERM
Topical term or geographic name entry element Pakistan movement.
9 (RLIN) 85834
651 #0 - SUBJECT ADDED ENTRY--GEOGRAPHIC NAME
Geographic name Pakistan
General subdivision Politics and government.
9 (RLIN) 85835
830 #0 - SERIES ADDED ENTRY--UNIFORM TITLE
Uniform title Progressive series (Progressive Publishers (Lahore, Pakistan)) ;
Volume/sequential designation 21.
9 (RLIN) 85836
906 ## - LOCAL DATA ELEMENT F, LDF (RLIN)
a 7
b cbc
c orignew
d 4
e ncip
f 19
g y-gencatlg
942 ## - ADDED ENTRY ELEMENTS (KOHA)
Source of classification or shelving scheme
Koha item type Book
Holdings
Withdrawn status Lost status Source of classification or shelving scheme Damaged status Not for loan Permanent Location Current Location Date acquired Total Checkouts Total Renewals Full call number Barcode Date last seen Date last checked out Price effective from Koha item type
          School of Civil and Environmental Engineering (SCEE) School of Civil and Environmental Engineering (SCEE) 12/06/2021 1 2 320.954904 MUJ NIT-13391 01/10/2023 09/13/2022 12/06/2021 Book
© 2023 Central Library, National University of Sciences and Technology. All Rights Reserved.